<?xml version="1.0" encoding="UTF-8"?>
<record
    xmlns:xsi="http://www.w3.org/2001/XMLSchema-instance"
    xsi:schemaLocation="http://www.loc.gov/MARC21/slim http://www.loc.gov/standards/marcxml/schema/MARC21slim.xsd"
    xmlns="http://www.loc.gov/MARC21/slim">

  <leader>00809nam a2200253 a 4500</leader>
  <datafield tag="999" ind1=" " ind2=" ">
    <subfield code="c">3505</subfield>
    <subfield code="d">3505</subfield>
  </datafield>
  <controlfield tag="006">a||||gr|||| 00| 0 </controlfield>
  <controlfield tag="007">ta</controlfield>
  <controlfield tag="008">251128t2025    ii a|||gr|||| 0|0 ||eng|d</controlfield>
  <datafield tag="020" ind1=" " ind2=" ">
    <subfield code="a">9789348002761</subfield>
    <subfield code="c">Rs. 795.00</subfield>
  </datafield>
  <datafield tag="040" ind1=" " ind2=" ">
    <subfield code="a">KO</subfield>
    <subfield code="b">eng</subfield>
  </datafield>
  <datafield tag="041" ind1="0" ind2=" ">
    <subfield code="a">eng</subfield>
  </datafield>
  <datafield tag="044" ind1=" " ind2=" ">
    <subfield code="a">ii</subfield>
  </datafield>
  <datafield tag="082" ind1="0" ind2="4">
    <subfield code="2">23</subfield>
    <subfield code="a">346.5403</subfield>
    <subfield code="b">B2245</subfield>
  </datafield>
  <datafield tag="100" ind1="1" ind2=" ">
    <subfield code="a">Bangia, R. K.</subfield>
  </datafield>
  <datafield tag="245" ind1="1" ind2="0">
    <subfield code="a">R. K. Bangia's the law of torts :</subfield>
    <subfield code="b">including motor vehicles act, 1988, consumer protection act, 2019 and the competition act, 2002 /</subfield>
  </datafield>
  <datafield tag="250" ind1=" " ind2=" ">
    <subfield code="a">27th ed.</subfield>
  </datafield>
  <datafield tag="260" ind1=" " ind2=" ">
    <subfield code="a">Haryana : </subfield>
    <subfield code="b">Allahabad law agency,</subfield>
    <subfield code="c">2025</subfield>
  </datafield>
  <datafield tag="300" ind1=" " ind2=" ">
    <subfield code="a">lvi, 768 p. :</subfield>
    <subfield code="b"> ;</subfield>
    <subfield code="c">24 cm.</subfield>
  </datafield>
  <datafield tag="650" ind1=" " ind2="0">
    <subfield code="a">consumer protection</subfield>
    <subfield code="z">India</subfield>
    <subfield code="x">Textbooks</subfield>
  </datafield>
  <datafield tag="650" ind1=" " ind2="0">
    <subfield code="a">competition act</subfield>
    <subfield code="z">India</subfield>
    <subfield code="x">Textbooks</subfield>
  </datafield>
  <datafield tag="852" ind1=" " ind2=" ">
    <subfield code="a">KO</subfield>
  </datafield>
  <datafield tag="904" ind1=" " ind2=" ">
    <subfield code="a">A_BOSE</subfield>
  </datafield>
  <datafield tag="942" ind1=" " ind2=" ">
    <subfield code="c">BK</subfield>
  </datafield>
  <datafield tag="952" ind1=" " ind2=" ">
    <subfield code="0">0</subfield>
    <subfield code="1">0</subfield>
    <subfield code="2">ddc</subfield>
    <subfield code="4">0</subfield>
    <subfield code="6">346_540300000000000_B2245</subfield>
    <subfield code="7">0</subfield>
    <subfield code="8">LAW</subfield>
    <subfield code="9">9063</subfield>
    <subfield code="a">KO</subfield>
    <subfield code="b">KO</subfield>
    <subfield code="c">GEN</subfield>
    <subfield code="d">2025-11-28</subfield>
    <subfield code="e">MRajasthani Granthagar (Inv. no. RG/2526/371 dated 17.10.2025)</subfield>
    <subfield code="g">795.00</subfield>
    <subfield code="o">346.5403 B2245</subfield>
    <subfield code="p">BK007608</subfield>
    <subfield code="r">2025-12-02</subfield>
    <subfield code="y">BK</subfield>
  </datafield>
  <datafield tag="952" ind1=" " ind2=" ">
    <subfield code="0">0</subfield>
    <subfield code="1">0</subfield>
    <subfield code="2">ddc</subfield>
    <subfield code="4">0</subfield>
    <subfield code="6">346_540300000000000_B2245</subfield>
    <subfield code="7">0</subfield>
    <subfield code="8">LAW</subfield>
    <subfield code="9">9064</subfield>
    <subfield code="a">KO</subfield>
    <subfield code="b">KO</subfield>
    <subfield code="c">GEN</subfield>
    <subfield code="d">2025-11-28</subfield>
    <subfield code="e">MRajasthani Granthagar (Inv. no. RG/2526/371 dated 17.10.2025)</subfield>
    <subfield code="g">795.00</subfield>
    <subfield code="o">346.5403 B2245</subfield>
    <subfield code="p">BK007609</subfield>
    <subfield code="r">2025-12-02</subfield>
    <subfield code="y">BK</subfield>
  </datafield>
  <datafield tag="952" ind1=" " ind2=" ">
    <subfield code="0">0</subfield>
    <subfield code="1">0</subfield>
    <subfield code="2">ddc</subfield>
    <subfield code="4">0</subfield>
    <subfield code="6">346_540300000000000_B2245</subfield>
    <subfield code="7">0</subfield>
    <subfield code="8">LAW</subfield>
    <subfield code="9">9065</subfield>
    <subfield code="a">KO</subfield>
    <subfield code="b">KO</subfield>
    <subfield code="c">GEN</subfield>
    <subfield code="d">2025-11-28</subfield>
    <subfield code="e">MRajasthani Granthagar (Inv. no. RG/2526/371 dated 17.10.2025)</subfield>
    <subfield code="g">795.00</subfield>
    <subfield code="o">346.5403 B2245</subfield>
    <subfield code="p">BK007610</subfield>
    <subfield code="r">2025-12-02</subfield>
    <subfield code="y">BK</subfield>
  </datafield>
  <datafield tag="952" ind1=" " ind2=" ">
    <subfield code="0">0</subfield>
    <subfield code="1">0</subfield>
    <subfield code="2">ddc</subfield>
    <subfield code="4">0</subfield>
    <subfield code="6">346_540300000000000_B2245</subfield>
    <subfield code="7">0</subfield>
    <subfield code="8">LAW</subfield>
    <subfield code="9">9066</subfield>
    <subfield code="a">KO</subfield>
    <subfield code="b">KO</subfield>
    <subfield code="c">GEN</subfield>
    <subfield code="d">2025-11-28</subfield>
    <subfield code="e">MRajasthani Granthagar (Inv. no. RG/2526/371 dated 17.10.2025)</subfield>
    <subfield code="g">795.00</subfield>
    <subfield code="o">346.5403 B2245</subfield>
    <subfield code="p">BK007611</subfield>
    <subfield code="r">2025-12-02</subfield>
    <subfield code="y">BK</subfield>
  </datafield>
  <datafield tag="952" ind1=" " ind2=" ">
    <subfield code="0">0</subfield>
    <subfield code="1">0</subfield>
    <subfield code="2">ddc</subfield>
    <subfield code="4">0</subfield>
    <subfield code="6">346_540300000000000_B2245</subfield>
    <subfield code="7">0</subfield>
    <subfield code="8">LAW</subfield>
    <subfield code="9">9067</subfield>
    <subfield code="a">KO</subfield>
    <subfield code="b">KO</subfield>
    <subfield code="c">GEN</subfield>
    <subfield code="d">2025-11-28</subfield>
    <subfield code="e">MRajasthani Granthagar (Inv. no. RG/2526/371 dated 17.10.2025)</subfield>
    <subfield code="g">795.00</subfield>
    <subfield code="l">1</subfield>
    <subfield code="o">346.5403 B2245</subfield>
    <subfield code="p">BK007612</subfield>
    <subfield code="r">2026-02-24</subfield>
    <subfield code="s">2026-02-06</subfield>
    <subfield code="y">BK</subfield>
  </datafield>
  <datafield tag="952" ind1=" " ind2=" ">
    <subfield code="0">0</subfield>
    <subfield code="1">0</subfield>
    <subfield code="2">ddc</subfield>
    <subfield code="4">0</subfield>
    <subfield code="6">346_540300000000000_B2245</subfield>
    <subfield code="7">0</subfield>
    <subfield code="8">LAW</subfield>
    <subfield code="9">9068</subfield>
    <subfield code="a">KO</subfield>
    <subfield code="b">KO</subfield>
    <subfield code="c">GEN</subfield>
    <subfield code="d">2025-11-28</subfield>
    <subfield code="e">MRajasthani Granthagar (Inv. no. RG/2526/371 dated 17.10.2025)</subfield>
    <subfield code="g">795.00</subfield>
    <subfield code="o">346.5403 B2245</subfield>
    <subfield code="p">BK007613</subfield>
    <subfield code="r">2025-12-02</subfield>
    <subfield code="y">BK</subfield>
  </datafield>
  <datafield tag="952" ind1=" " ind2=" ">
    <subfield code="0">0</subfield>
    <subfield code="1">0</subfield>
    <subfield code="2">ddc</subfield>
    <subfield code="4">0</subfield>
    <subfield code="6">346_540300000000000_B2245</subfield>
    <subfield code="7">0</subfield>
    <subfield code="8">LAW</subfield>
    <subfield code="9">9069</subfield>
    <subfield code="a">KO</subfield>
    <subfield code="b">KO</subfield>
    <subfield code="c">GEN</subfield>
    <subfield code="d">2025-11-28</subfield>
    <subfield code="e">MRajasthani Granthagar (Inv. no. RG/2526/371 dated 17.10.2025)</subfield>
    <subfield code="g">795.00</subfield>
    <subfield code="l">2</subfield>
    <subfield code="m">2</subfield>
    <subfield code="o">346.5403 B2245</subfield>
    <subfield code="p">BK007614</subfield>
    <subfield code="r">2026-04-21</subfield>
    <subfield code="s">2026-03-26</subfield>
    <subfield code="y">BK</subfield>
  </datafield>
  <datafield tag="952" ind1=" " ind2=" ">
    <subfield code="0">0</subfield>
    <subfield code="1">0</subfield>
    <subfield code="2">ddc</subfield>
    <subfield code="4">0</subfield>
    <subfield code="6">346_540300000000000_B2245</subfield>
    <subfield code="7">0</subfield>
    <subfield code="8">LAW</subfield>
    <subfield code="9">9070</subfield>
    <subfield code="a">KO</subfield>
    <subfield code="b">KO</subfield>
    <subfield code="c">GEN</subfield>
    <subfield code="d">2025-11-28</subfield>
    <subfield code="e">MRajasthani Granthagar (Inv. no. RG/2526/371 dated 17.10.2025)</subfield>
    <subfield code="g">795.00</subfield>
    <subfield code="o">346.5403 B2245</subfield>
    <subfield code="p">BK007615</subfield>
    <subfield code="r">2025-12-02</subfield>
    <subfield code="y">BK</subfield>
  </datafield>
</record>
